Paul Claudel en el Palacio Provincial /
Descripción Física:
Il·lustracions
Colección:
San Jorge,
; núm. 7 (juliol 1952), pàg. 43-48
Materias:
Claudel, Paul, -- 1868-1955
; Palau de la Generalitat de Catalunya
; Barcelona (Catalunya : Província). -- Diputació
; Visites oficials -- Barcelona (Catalunya)
Idioma:
Español
MARC
| LEADER | 00000nam a2200000Ia 4500 | ||
|---|---|---|---|
| 003 | Arxiu | ||
| 005 | 20260324181035.0 | ||
| 008 | 160829s1952 spcaxx s spa c | ||
| 040 | |a agdb | ||
| 100 | 1 | |a Saltor, Octavi, |d 1902-1982 |9 29621 | |
| 245 | 1 | 0 | |a Paul Claudel en el Palacio Provincial / |c O. S. |
| 300 | |b Il·lustracions | ||
| 490 | |a San Jorge, |v núm. 7 (juliol 1952), pàg. 43-48 | ||
| 600 | 1 | 0 | |a Claudel, Paul, |d 1868-1955 |9 22789 |
| 610 | 2 | 0 | |a Palau de la Generalitat de Catalunya |9 53043 |
| 610 | 1 | 0 | |a Barcelona (Catalunya : Província). |b Diputació |9 52408 |
| 650 | 0 | |a Visites oficials |z Barcelona (Catalunya) |9 31008 | |
| 773 | |g Núm. 7 (juliol 1952), pàg. 43-48 |t San Jorge. | ||
| 901 | |a Arxiu | ||
| 942 | |n 1 |2 udc |c ART | ||
| 952 | |0 0 |1 0 |4 0 |6 REV508 |7 1 |9 64257 |a Arxiu |b Arxiu |d 2022-11-21 |l 0 |o Rev-508 |r 2022-11-21 00:00:00 |w 2022-11-21 |y ARXIU | ||
| 999 | |c 48224 |d 48224 | ||